000
00324pab a2200133 454500
008
180718b1988 xxu||||| |||| 00| 0 eng d
245
_a
Special issue on Indian women
_b
Tensions and conflicts
260
_c
1988
300
_a
3-101
362
_a
Sept.
650
_a
Women - India
773
_a
Social Change
909
_a
21245
999
_c
21245
_d
21245